[Event "BCF-chT3 1011 (4NCL)"]
[Site "England"]
[Date "2011.05.01"]
[Round "10.53"]
[White "Jones, Zebedee"]
[Black "Armstrong, William G"]
[Result "0-1"]
[WhiteElo "1666"]
[BlackElo "1952"]
[PlyCount "77"]
[EventDate "2010.11.06"]
[EventType "team-swiss"]
[EventRounds "9"]
[EventCountry "ENG"]
[SourceTitle "EXT 2012"]
[Source "ChessBase"]
[SourceDate "2011.11.24"]
[SourceVersion "1"]
[SourceVersionDate "2011.11.24"]
[SourceQuality "1"]
[WhiteTeam "Hackney"]
[BlackTeam "Cheddleton II"]
[WhiteTeamCountry "ENG"]
[BlackTeamCountry "ENG"]

1. e4 e5 2. Nf3 Nc6 3. Bc4 Nf6 4. d3 Bc5 5. Nc3 d6 6. Na4 Bb6 7. Nxb6 axb6 8. Bg5 h6 9. Bd2 Qe7 10. h3 Na5 11. Bxa5 Rxa5 12. b4 Ra7 13. Qd2 Be6 14. Bxe6 Qxe6 15. a4 Qd7 16. b5 Qxb5 17. axb5 Rxa1+ 18. Ke2 Rxh1 19. Qc3 Kd7 20. Qc4 Rf8 21. Qb4 Ra8 22. Qc4 Rf8 23. Ke3 g5 24. d4 g4 25. hxg4 Nxg4+ 26. Ke2 Rh5 27. Qd5 Kc8 28. Qa2 Kb8 29. c4 f5 30. c5 fxe4 31. c6 exf3+ 32. gxf3 Rh2 33. Qe6 Rxf2+ 34. Ke1 R2xf3 35. Qxg4 R3f4 36. Qd1 Re4+ 37. Kd2 Rxd4+ 38. Ke2 Rdf4 39. cxb7 0-1